| 000 -ლიდერი |
| ფიქსირებული სიგრძის საკონტროლო ველი |
00977nam a2200229Ia 4500 |
| 001 - საკონტროლო ნომერი |
| საკონტროლო ველი |
23177 |
| 003 - საკონტროლო ნომრის იდენტიფიკატორი |
| საკონტროლო ველი |
GE_BSU |
| 005 - ბოლო ოპერაციის თარიღი და დრო |
| საკონტროლო ველი |
20230720113233.0 |
| 008 - ფიქსირებული სიგრძის მონაცემთა ელემენტები - ზოგადი ინფორმაცია |
| ფიქსირებული სიგრძის საკონტროლო ველი |
181216s1969||||ge |||||||||||||| ||geo|| |
| 040 ## - კატალოგიზაციის წყარო |
| Transcribing agency |
GE_BSU |
| 041 ## - ენის კოდი |
| Language code of text/sound track or separate title |
geo |
| 080 ## - უნივერსალური ათობითი კლასიფიკაციის ინდექსი |
| Universal Decimal Classification number |
821.112.2-2 გ-62 |
| 100 ## - მთავარი ჩანაწერი - პიროვნების სახელი |
| Personal name |
გოეთე, იოჰან ვოლფგანგ |
| 9 (RLIN) |
12332 |
| 245 ## - ცნობა სათაურის შესახებ |
| Title |
დრამები / |
| Statement of responsibility, etc |
იოჰან ვოლფგანგ ; თარგმ. გერ. და შენიშვნები ვ. ბეწუკელისა ; რედ. ლ. იმერლიშვილი. |
| 264 ## - წარმოების, გამოცემის, დისტრიბუციის და სხვა ცნობები |
| გამოცემის, წარმოების, დისტრიბუციის... ადგილი |
თბილისი : |
| გამოცემის, წარმოების, დისტრიბუციის... სახელწოდება |
საბჭ. საქართველო, |
| გამოცემის, წარმოების, დისტრიბუციის... თარიღი |
1969. |
| 300 ## - ფიზიკური აღწერა |
| Extent |
707 გვ. ; |
| Dimensions |
20სმ.. |
| 653 ## - INDEX TERM--UNCONTROLLED |
| Uncontrolled term |
დრამები |
| 700 ## - ADDED ENTRY--PERSONAL NAME |
| Personal name |
ბეწუკელი, ვ. |
| Relator term |
მთარგმნელი |
| 9 (RLIN) |
5784 |
| 700 ## - ADDED ENTRY--PERSONAL NAME |
| Personal name |
იმერლიშვილი, ლ. |
| Relator term |
რედაქტორი |
| 9 (RLIN) |
19049 |
| 942 ## - ADDED ENTRY ELEMENTS (KOHA) |
| Koha item type |
წიგნი |
| Source of classification or shelving scheme |
|